000
00223 a2200109 4500
003
Nust
005
20170207154224.0
040
_c
Nust
082
_a
371.33
245
_a
Anasts (VHS-150)
440
_a
Anasts (VHS-150)
538
_a
Duration in Minutes-148
999
_c
195463
_d
195463